ਹੋਣੀਆਂ-ਅਣਹੋਣੀਆਂ (Record no. 1026480)

MARC details
000 -LEADER
fixed length control field 00823nam a2200229Ia 4500
003 - CONTROL NUMBER IDENTIFIER
control field OSt
005 - DATE AND TIME OF LATEST TRANSACTION
control field 20250728111623.0
008 - FIXED-LENGTH DATA ELEMENTS--GENERAL INFORMATION
fixed length control field 221004b |||||||| |||| 00| 0 pan d
020 ## - INTERNATIONAL STANDARD BOOK NUMBER
International Standard Book Number 9788175993808 (hbk)
037 ## - SOURCE OF ACQUISITION
Terms of availability TB
040 ## - CATALOGING SOURCE
Original cataloging agency CRL
Transcribing agency CRL
Language of cataloging pun
041 ## - LANGUAGE CODE
Source of code pun
Language code of text/sound track or separate title pun
084 ## - COLON CLASSIFICATION NUMBER
Classification number O153,3NMIx, Q9
Assigning agency CRL
100 ## - MAIN ENTRY--PERSONAL NAME
Personal name ਮਿਨਹਾਸ, ਸਰਵਣ
9 (RLIN) 816620
245 #0 - TITLE STATEMENT
Title ਹੋਣੀਆਂ-ਅਣਹੋਣੀਆਂ
260 ## - PUBLICATION, DISTRIBUTION, ETC.
Place of publication, distribution, etc. ਦਿੱਲੀ, ਭਾਰਤ:
Name of publisher, distributor, etc. ਨਵਯੁਗ ,
Date of publication, distribution, etc. 2019.
300 ## - PHYSICAL DESCRIPTION
Extent 145ਪ੍ਰ0
Dimensions cm.
650 ## - SUBJECT ADDED ENTRY--TOPICAL TERM
Topical term or geographic name entry element ਪੰਜਾਬੀ ਕਹਾਣੀ
9 (RLIN) 816621
650 ## - SUBJECT ADDED ENTRY--TOPICAL TERM
Topical term or geographic name entry element ਪੰਜਾਬੀ ਸਾਹਿਤ
942 ## - ADDED ENTRY ELEMENTS (KOHA)
Classification part O153,3NMIx, Q9
Koha item type Textbook
Source of classification or shelving scheme
Suppress in OPAC No
Holdings
Withdrawn status Lost status Source of classification or shelving scheme Damaged status Not for loan Home library Current library Date acquired Source of acquisition Inventory number Total Checkouts Full call number Barcode Date last seen Price effective from Koha item type
    Colon Classification (CC)     Central Library Central Library 2022-10-05 H.K. Prakashan 1178 & 2020-01-22   O153,3NMIx Q9 CL1662205 2022-10-05 2022-10-05 Textbook
Copyright @ Delhi University Library System